ARRUPE JESUIT UNIVERSITY

CORONAVIRUS -STOP THE SPREAD - CLEAN,DISINFECT,COVER

Encyclopedia of African American religions / (Record no. 131611)

MARC details
000 -LEADER
fixed length control field 01743pam a2200397 a 4500
001 - CONTROL NUMBER
control field 1577655
003 - CONTROL NUMBER IDENTIFIER
control field ARRUPE
005 - DATE AND TIME OF LATEST TRANSACTION
control field 20221130092337.0
008 - FIXED-LENGTH DATA ELEMENTS--GENERAL INFORMATION
fixed length control field 930223s1993 nyu be 001 0 eng
010 ## - LIBRARY OF CONGRESS CONTROL NUMBER
LC control number 93007224
020 ## - INTERNATIONAL STANDARD BOOK NUMBER
International Standard Book Number 0815305001 (acidfree paper)
028 ## - PUBLISHER NUMBER
Source Arrupe
040 ## - CATALOGING SOURCE
Original cataloging agency DLC
Transcribing agency DLC
Modifying agency DLC
043 ## - GEOGRAPHIC AREA CODE
Geographic area code n-us---
050 00 - LIBRARY OF CONGRESS CALL NUMBER
Classification number BR563.N4
Item number E53 1993
082 00 - DEWEY DECIMAL CLASSIFICATION NUMBER
Classification number 200/.89/96073
Edition number 20
300 ## - PHYSICAL DESCRIPTION
Dimensions 29 cm.
245 00 - TITLE STATEMENT
Title Encyclopedia of African American religions /
Statement of responsibility, etc edited by Larry G. Murphy, J. Gordon Melton, Gary L. Ward.
260 ## - PUBLICATION, DISTRIBUTION, ETC. (IMPRINT)
Place of publication, distribution, etc New York :
Name of publisher, distributor, etc Garland Pub.,
Date of publication, distribution, etc 1993.
300 ## - PHYSICAL DESCRIPTION
Extent lxxvi, 926 p. ;
490 1# - SERIES STATEMENT
Series statement Religious information systems ;
Volume number/sequential designation vol. 9
490 1# - SERIES STATEMENT
Series statement Garland reference library of social science ;
Volume number/sequential designation vol. 721
504 ## - BIBLIOGRAPHY, ETC. NOTE
Bibliography, etc Includes bibliographical references (p. 865-875) and indexes.
650 #0 - SUBJECT ADDED ENTRY--TOPICAL TERM
Topical term or geographic name as entry element African Americans
General subdivision Religion
Form subdivision Encyclopedias.
9 (RLIN) 52135
650 #0 - SUBJECT ADDED ENTRY--TOPICAL TERM
Topical term or geographic name as entry element African American churches
Form subdivision Encyclopedias.
9 (RLIN) 52136
651 #0 - SUBJECT ADDED ENTRY--GEOGRAPHIC NAME
Geographic name United States
General subdivision Religion
Form subdivision Encyclopedias.
9 (RLIN) 52137
700 1# - ADDED ENTRY--PERSONAL NAME
Personal name Murphy, Larry G.
Fuller form of name (Larry George),
Dates associated with a name 1946-
9 (RLIN) 52138
700 1# - ADDED ENTRY--PERSONAL NAME
Personal name Melton, J. Gordon.
9 (RLIN) 52139
700 1# - ADDED ENTRY--PERSONAL NAME
Personal name Ward, Gary L.
9 (RLIN) 52140
740 0# - ADDED ENTRY--UNCONTROLLED RELATED/ANALYTICAL TITLE
Uncontrolled related/analytical title African American religions.
830 #0 - SERIES ADDED ENTRY--UNIFORM TITLE
Uniform title Religious information systems series ;
Volume number/sequential designation vol. 9.
9 (RLIN) 52141
830 #0 - SERIES ADDED ENTRY--UNIFORM TITLE
Uniform title Garland reference library of social science ;
Volume number/sequential designation v. 721.
9 (RLIN) 52142
856 42 - ELECTRONIC LOCATION AND ACCESS
Materials specified Publisher description
Uniform Resource Identifier <a href="http://www.loc.gov/catdir/enhancements/fy0652/93007224-d.html">http://www.loc.gov/catdir/enhancements/fy0652/93007224-d.html</a>
906 ## - LOCAL DATA ELEMENT F, LDF (RLIN)
a 7
b cbc
c orignew
d 1
e ocip
f 19
g y-gencatlg
942 ## - ADDED ENTRY ELEMENTS (KOHA)
Source of classification or shelving scheme Library of Congress Classification
Koha item type REFERENCE
Holdings
Withdrawn status Lost status Source of classification or shelving scheme Damaged status Not for loan Home library Current library Shelving location Date acquired Total Checkouts Full call number Barcode Date last seen Price effective from Koha item type
    Library of Congress Classification     ARRUPE LIBRARY ARRUPE LIBRARY REFERENCE 30/11/2022   BR563.N4 E53 1993 46700000144 30/11/2022 30/11/2022 REFERENCE

 

Arrupe Library. PO Box MP320 Mt Pleasant, Harare, Zimbabwe
263 242 745411|librarian@aju.ac.zw